000 00591nam a2200229Ia 4500
008 191130s2005##################000#0#eng##
020 _a9781580421287
022 _a2004100551
040 _aACL
_cACL
082 _a795.12 ALL
100 _aAllen, J. Edward
245 _aBasics of winning craps
_cJ. Edward Allen
250 _a1st ed
260 _aBrooklyn, NY
_bCardoza Publishing
_c2005
300 _a64 p.
650 _aCraps (Game)
650 _aGambling
650 _aGambling systems
990 _a03d57b46ac10000c6756dad95c735f22
991 _a389924
999 _c112310
_d112310